Changing the mindest: (Record no. 3159)
[ view plain ]
| 000 -LEADER | |
|---|---|
| fixed length control field | 00476nam a2200169Ia 4500 |
| 001 - CONTROL NUMBER | |
| control field | 2908 |
| 008 - FIXED-LENGTH DATA ELEMENTS--GENERAL INFORMATION | |
| fixed length control field | 140314s9999 xx 000 0 und d |
| 020 ## - INTERNATIONAL STANDARD BOOK NUMBER | |
| International Standard Book Number | 0074620029 |
| 040 ## - CATALOGING SOURCE | |
| Transcribing agency | PK-LaUMT |
| 082 ## - DEWEY DECIMAL CLASSIFICATION NUMBER | |
| Classification number | 658.409 |
| Item number | AGA-C |
| 100 ## - MAIN ENTRY--PERSONAL NAME | |
| Personal name | Aga, Rohinton D. |
| 245 ## - TITLE STATEMENT | |
| Title | Changing the mindest: |
| Remainder of title | reflections of a chief executive |
| Statement of responsibility, etc | Aga, Rohinton D. |
| 260 ## - PUBLICATION, DISTRIBUTION, ETC. (IMPRINT) | |
| Place of publication, distribution, etc | New Delhi,India: |
| Name of publisher, distributor, etc | Tata McGraw-Hill Publishing Company Limited, |
| Date of publication, distribution, etc | 1994 |
| 300 ## - PHYSICAL DESCRIPTION | |
| Extent | 315 p. |
| 546 ## - LANGUAGE NOTE | |
| Language note | EN |
| 942 ## - ADDED ENTRY ELEMENTS (KOHA) | |
| Koha item type | Books |
| Withdrawn status | Lost status | Damaged status | Not for loan | Home library | Current library | Date acquired | Total Checkouts | Full call number | Barcode | Date last seen | Price effective from | Koha item type |
|---|---|---|---|---|---|---|---|---|---|---|---|---|
| UMT Main Campus | UMT Main Campus | 2014-03-14 | 658.409 AGA-C | 3896 | 2014-03-14 | 2014-03-14 | Books |
